000 00365nam a22001577a 4500
003 MPLRDC
005 20220104145220.0
008 210129b ||||| |||| 00| 0 eng d
082 _a428.3 LZF
100 _a廖志方编著
245 _a婴儿断奶食品
_c
260 _a
_b新风文化事业公司
_c
300 _b
650 _a
942 _cBK
_o428.3 LZF
999 _c51192
_d51182